000 00659nam a22002297a 4500
003 UA-OsUOA
001 94743
007 ta
008 20130218b un ||||| |||| 00| 0 ukr d
100 _aДелибес М.
090 _a821.134.2
_bД29
942 _cBK
040 _aUA-OsUOA
_brus
_cUA-OsUOA
_dUA-OsUOA
245 _aПисьма шестидесятилетнего жизнелюбца. Клад
_bроман, повесть
300 _a227 с.
955 _a3
041 _arus
080 _a821.134.2
260 _aМ.
_bРадуга
_c1988
650 7 _a82 Література. Літературознавство
_2UDC
999 _c380988
_d380988